Some Languages of countries - Statistics

General Stats
  • This quiz has been taken 23 times
    8 since last reset
  • The average score is 23 of 97
Answer Stats
Answer % Correct
Hindi
100%
French
83%
Arabic
67%
Finnish
67%
Irish
67%
Spanish
67%
Swedish
67%
Danish
50%
Dutch
50%
German
50%
Greek
50%
Italian
50%
Japanese
50%
Korean
50%
Malay
50%
Swahili
50%
Tamil
50%
Telugu
50%
Thai
50%
Turkish
50%
Amharic
33%
Armenian
33%
Azerbaijani
33%
Chinese
33%
Estonian
33%
Georgian
33%
Hausa
33%
Hebrew
33%
Hungarian
33%
Khmer
33%
Norwegian
33%
Romanian
33%
Russian
33%
Serbian
33%
Slovak
33%
Slovenian
33%
Somali
33%
Ukrainian
33%
Yoruba
33%
Bengali
17%
Czech
17%
English (Canada)
17%
English (India)
17%
English (Singapore)
17%
English (UK)
17%
English(US)
17%
Icelandic
17%
Kannada
17%
Kazakh
17%
Lao
17%
Latvian
17%
Lithuania
17%
Māori
17%
Marathi
17%
Nepali
17%
Oromo
17%
Pashto
17%
Persian
17%
Portugese
17%
Scotts
17%
Taiwanese
17%
Tajik
17%
Urdu
17%
Uzbek
17%
Vietnamese
17%
Welsh
17%
Zulu
17%
Corsican
0%
Emirati
0%
Guanari
0%
Gujarati
0%
Haitian Creole
0%
Hawaiian
0%
Hmong
0%
Indonesian
0%
Konkani
0%
Latin
0%
Malayalam
0%
Mandarin Chinese
0%
Manipuri
0%
Mizo
0%
Mongolian
0%
Nyanja
0%
Odia
0%
Punjabi (Indian)
0%
Punjabi (Pakistani)
0%
Quechua
0%
Samoan
0%
Sanskrit
0%
Scottish Gaelic
0%
Shona
0%
Southern Sotho
0%
Sundanese
0%
Tsonga
0%
Western Frisian
0%
Xhoza
0%
Yiddish
0%
No matching quizzes found
Score Distribution
Percent of People with Each Score
Percentile by Number Answered
Your Score History
You have not taken this quiz since the last reset